| 000 | 01001cam a22003013a 4500 | ||
|---|---|---|---|
| 001 | 13105 | ||
| 003 | PGUSA | ||
| 005 | 20140828083301.0 | ||
| 008 | 040803s2004||||xxu|||||s|||||000 | eng d | ||
| 040 |
_aPGUSA _beng |
||
| 042 | _adc | ||
| 050 | 4 | _aPS | |
| 100 | 1 |
_aFuller, Margaret, _d1810-1850 |
|
| 245 | 1 | 0 |
_aMemoirs of Margaret Fuller Ossoli, Volume I _h[electronic resource] / _cMargaret Fuller |
| 260 |
_bProject Gutenberg, _c2004 |
||
| 506 | _aPublic domain in the USA. | ||
| 516 | _aElectronic text | ||
| 653 | _aFeminists -- United States -- Biography | ||
| 653 | _aAuthors, American -- 19th century -- Biography | ||
| 653 | _aFuller, Margaret, 1810-1850 | ||
| 653 | _aTranscendentalists (New England) -- Biography | ||
| 700 | 1 |
_aClarke, James Freeman, _d1810-1888 |
|
| 700 | 1 |
_aChanning, W. H. _q(William Henry), _d1810-1884 |
|
| 700 | 1 |
_aEmerson, Ralph Waldo, _d1803-1882 |
|
| 830 | 0 |
_aProject Gutenberg _v13105 |
|
| 856 | 4 | 0 | _uhttp://www.gutenberg.org/ebooks/13105 |
| 942 | _cEB | ||
| 999 |
_c242360 _d242360 |
||